| 000 | 00574nam a22002057a 4500 | ||
|---|---|---|---|
| 003 | PILC | ||
| 005 | 20160317145900.0 | ||
| 008 | 121115t xxu||||| |||| 00| 0 eng d | ||
| 020 | _a9780752509570 | ||
| 050 |
_aPZ 7 _b.Ar676 1996 |
||
| 082 |
_aFIC T41 _bd 1996 |
||
| 100 |
_a Arden, William _917465 |
||
| 245 |
_aThe three investigators : _bwe investigate anything _c Rough Stuff |
||
| 260 |
_aLondon _bParragon Book Service Limited _c1996 |
||
| 300 |
_g288 p., _c18 cm. |
||
| 650 |
_aDetective stories. _917466 |
||
| 942 |
_2lcc _cBK |
||
| 999 |
_c10723 _d10723 |
||